|
|
|
|
| LEADER |
00874nam a2200205 a 4500 |
| 001 |
4392100 |
| 008 |
090623s1990 ii a 000 0 eng d |
| 010 |
|
|
|a 91901353
|
| 020 |
|
|
|z 8185336440 :
|c Rs90.00
|
| 040 |
|
|
|a FMU-R
|c DLC
|d DNAL
|d DLC
|
| 082 |
0 |
4 |
|a 639.206870954
|2 20
|
| 110 |
2 |
|
|a Bay of Bengal Programme.
|
| 245 |
1 |
0 |
|a Helping fisherfolk to help themselves :
|b a study in people's participation /
|c a study by BOBP for Fisheries Development, Bay of Bengal Programme.
|
| 260 |
|
|
|a New Delhi :
|b Affiliated East-West Press,
|c 1990.
|
| 300 |
|
|
|a ix, 182 p. :
|b ill. ;
|c 23 cm.
|
| 541 |
1 |
|
|e 00004104
|
| 650 |
|
0 |
|a Fishery management
|z India.
|
| 852 |
4 |
|
|a Ayesha Abed Library
|j General Shelf.
|
| 999 |
|
|
|c 1855
|d 1855
|
| 952 |
|
|
|0 0
|1 0
|2 ddc
|4 0
|6 639_206870954000000_HEL_1990
|7 0
|9 17650
|a BRACUL
|b BRACUL
|c GEN
|d 2011-07-28
|g 120.00
|l 0
|o 639.206870954 HEL
|p 3010004104
|r 2011-07-28
|t 1
|w 2011-07-28
|y BK
|